Scandinavian Immigrants in US Metro Areas - Statistics

General Stats
  • This quiz has been taken 34 times
  • The average score is 7 of 24
Answer Stats
Scandinavian Immigrant Population State Metro Area % Correct
0.09% FL Miami-Fort Lauderdale
81%
0.14% CA San Francisco
81%
0.12% CA San Diego
74%
0.14% WA Seattle
74%
0.13% CA San Jose
63%
0.11% NJ Trenton
41%
0.11% CO Boulder
33%
0.10% FL Fort Myers-Cape Coral
33%
0.13% CT Bridgeport
22%
0.09% FL Naples
22%
0.09% HI Kahului
19%
0.09% KS Lawrence
19%
0.27% CA Santa Barbara
19%
0.09% IA Ames
15%
0.13% NY Ithaca
15%
0.11% CA Santa Rosa
15%
0.09% OR Corvallis
11%
0.11% MA Barnstable Town
7%
0.18% CA Chico
7%
0.19% OR Grants Pass
7%
0.11% MI Midland
7%
0.11% WA Mount Vernon-Anacortes
7%
0.19% FL Vero Beach-Sebastian
7%
0.10% FL Sarasota-Bradenton-North Port
4%
No matching quizzes found
Score Distribution
Percent of People with Each Score
Percentile by Number Answered
Your Score History
You have not taken this quiz